000 00440nam a2200181Ia 4500
001 24505
005 20260414151048.0
008 260414t1978||||xx |||||||||||||| ||spa||
041 _aESP
082 _a345.71
_bP49
100 _aPeyrano, Jorge W.
_eAUT
245 0 _aEl proceso civil :
_bprincipios y fundamentos
260 _c1978
300 _a358 páginas :
_c23 cm.
650 _aDER
654 _aCDE
942 _cLIB
_dJUS
_fJUS
_2ddc
_n
999 _c24505
_d24505